000 00642cam a2200205 a 4500
999 _c57404
_d57404
001 13273745
005 20220928162400.0
008 030714s2004 nyub b 001 0 eng
020 _a0321116232 (v. 1)
020 _a0321116240 (v. 2)
020 _a9780321116246
041 _aeng
080 _a821.111(73) A-39
245 0 0 _aAmerican literature /
_cedited by William E. Cain.
264 _aNew York :
_bPenguin Academics ;
_c2004.
300 _a 1584 p.:
_bmap ;
_c22 cm.
653 _aამერიკული ლიტერატურა
700 1 _aCain, William E.,
_d
_eრედაქტორი
_98456
942 _2udc
_cBK